Conferencia sobre nutrición II /
Guardado en:
| Autor Principal: | |
|---|---|
| Formato: | |
| Series: | JEMU 1992
|
| Materias: | |
| Etiquetas: |
Agregar Etiqueta
Sin Etiquetas, Sea el primero en etiquetar este registro!
|
| LEADER | 01073ngm a22003135g 4500 | ||
|---|---|---|---|
| 001 | CEM.cems022032 | ||
| 008 | 130507b1992##################0###0#####d | ||
| 005 | 20240930193333.0 | ||
| 245 | 1 | 0 | |a Conferencia sobre nutrición II / |c Dra. Bañuelos. |
| 300 | |a 50'. | ||
| 490 | 0 | |a JEMU 1992 | |
| 500 | |a En soporte VHS, consultar en ventanilla. | ||
| 505 | 0 | |a Nutrición y deporte. La alimentación del adolescente que practica deportes. El líquido que pierde un deportista. La fibra. Nivel de glucemia. | |
| 538 | |a Soporte: VHS - Norma: Pal N - Color - Grabación DRD 1992 - Hitachi=1900 | ||
| 100 | 1 | |a Bañuelos, Dra. | |
| 082 | 6 | 1 | |. 39/BAñ |
| 653 | |a JORNADAS DE ENSEÑANZA MEDIA UNIVERSITARIA | ||
| 653 | |a EDUCACION PARA LA SALUD | ||
| 653 | |a ALIMENTACION | ||
| 653 | |a NUTRICION | ||
| 653 | |a DEPORTES | ||
| 653 | |a LIQUIDO | ||
| 653 | |a FIBRA | ||
| 653 | |a GLUCEMIA | ||
| 653 | |a CONFERENCIAS | ||
| 653 | |a EDUCACION FISICA | ||
| 653 | |a SALUD | ||
| 653 | |a NIVEL SECUNDARIO | ||
| 859 | |a CEMS |b BIB. CEMS - Depto. Recursos Didacticos |h 612.39 |i BAÑ |k DRD |p 675.12 |t Ej.1 | ||
